| 000 | 00000nam##2200000za#4500 |
| 001 | 9.643981 |
| 003 | CaOODSP |
| 005 | 20210624224429 |
| 007 | cr ||||||||||| |
| 008 | 150407|2014||||xxc|||||o f|0| 0 fre|d |
| 040 | |aCaOODSP|bfre |
| 043 | |an-cn--- |
| 086 | 1 |aEn14-203/2014F-PDF |
| 110 | 1 |aCanada. |bEnvironnement Canada. |
| 245 | 10|aConcentrations de médicaments, d'hormones et de quelques autres contaminants d'intérêt émergent dans le Saint-Laurent et dans trois de ses tributaires |h[ressource électronique] |
| 246 | 1 |aAmélioration de la qualité de l'eau |
| 260 | |aOttawa - Ontario : |bEnvironnement Canada |cc2014. |
| 300 | |a15p.|bgraphiques, carte, tableaux, photographies |
| 590 | |a15-09|b2015-02-27 |
| 691 | 07|aCours d'eau|2gcpds |
| 691 | 07|aPolluant|2gcpds |
| 775 | 08|tConcentrations of medications, hormones and other emergent contaminants in the St. Lawrence and three of its tributaries |w(CaOODSP)9.700066 |
| 856 | 40|ahttp://publications.gc.ca|qPDF|s1.36 Mo|uhttps://publications.gc.ca/collections/collection_2015/ec/En14-203-2014-fra.pdf |